|
|
|
|
| LEADER |
01084nam a22003011 4500 |
| 001 |
27485 |
| 003 |
BD-DhAAL |
| 005 |
20130923124420.0 |
| 008 |
130923s1998 nyu b 000 0 eng |
| 010 |
|
|
|a 63021778
|
| 020 |
|
|
|a 0072320028
|
| 020 |
|
|
|a 9780072320022
|
| 040 |
|
|
|a DLC/ICU
|c ICU
|d DLC
|d BD-DhAAL
|
| 050 |
0 |
0 |
|a QC174.1
|b .B52
|
| 082 |
0 |
0 |
|a 530.12
|
| 999 |
|
|
|c 13997
|d 13997
|
| 999 |
|
|
|c 13997
|
| 100 |
1 |
|
|a Bjorken, James D.
|9 3180
|
| 245 |
1 |
0 |
|a Relativistic quantum mechanics
|c James D. Bjorken, Sidney D. Drell.
|
| 260 |
|
|
|a New York,
|b McGraw-Hill
|c 1998
|
| 300 |
|
|
|a x, 300 p. :
|c 23 cm.
|b ill. ;
|
| 440 |
|
0 |
|a International series in pure and applied physics
|9 3181
|
| 504 |
|
|
|a Includes bibliographical references.
|
| 541 |
|
|
|e 27485
|
| 650 |
|
0 |
|a Relativistic quantum theory.
|9 3182
|
| 700 |
1 |
|
|a Drell, Sidney D.
|q (Sidney David),
|d 1926-
|e joint author.
|9 3183
|
| 942 |
|
|
|2 ddc
|c BK
|
| 952 |
|
|
|0 0
|1 0
|2 ddc
|4 0
|6 530_120000000000000_BJO
|7 0
|9 23451
|a BRACUL
|b BRACUL
|c GEN
|d 2013-09-23
|e Trim Education
|g 8450.00
|l 1
|o 530.12 BJO
|p 3010027485
|r 2017-08-22
|s 2017-07-11
|t 1
|w 2013-09-23
|y BK
|